000 00455nam a2200145Ia 4500
003 OSt
005 20260123105117.0
008 211028s2016 xx 000 0 und d
040 _cAIMIT LIBRARY
041 _aeng
100 _aPais, Jennifer, Achar, Sumitha.
_g1416064
_97485
245 _aStudy on the effect of employer branding in attracting candidates towards the BPO/ ITE industry /
260 _aMangalore
_bSumitha Achare
_c2016
942 _2ddc
_cPRO
999 _c219053
_d219053